Movies Quiz

Random Movies or Actor Quiz

Movie Killers Quiz Stats

 Plays Quiz Updated Nov 2, 2018

Score 0/22 Timer 07:00
0 Plays Today
Movie Killer % Correct
A Nightmare on Elm StreetFreddy Krueger
91.2%
Friday the 13th (Part II)Jason Voorhees
86.6%
Child's PlayChucky
75.2%
HalloweenMichael Myers
68.3%
SawJigsaw
62.5%
ITPennywise the Dancing Clown
56%
Texas Chainsaw MassacreLeatherface
51.2%
The OmenDamien Thorn
40.5%
HellraiserPinhead
38.2%
American PsychoPatrick Bateman
22%
The ShiningJack Torrance
19.8%
Movie Killer % Correct
ScreamBilly Loomis or Stu Macher
18.5%
The RingSamara Morgan
17%
Gangs of New YorkBill 'The Butcher' Cutting
15.4%
The Da Vinci CodeSilas
13.1%
I Know What You Did Last SummerBen Willis
11.4%
MonsterAileen Wuornos
7.6%
Natural Born KillersMickey and Mallory Knox
5.5%
PhantasmThe Tall Man
5.1%
Cape FearMax Cady
4.2%
The HitcherJohn Ryder
1.6%
The OthersGrace Stewart
1.3%

You're not logged in!

Compare scores with friends on all Sporcle quizzes.
OR
Log In

Sporcle TV

Today on Sporcle TV


Watch our educational content, quiz creation guides, and fun videos on Sporcle TV.

Show Comments

Extras

Top Quizzes Today


Score Distribution

Your Account Isn't Verified!

In order to create a playlist on Sporcle, you need to verify the email address you used during registration. Go to your Sporcle Settings to finish the process.

Report this User

Report this user for behavior that violates our Community Guidelines.

Details: